OCA java SE 8 programmer I exam guide (exam. IZ0-808) / (Record no. 157684)

MARC details
000 -LEADER
fixed length control field 00647nam a22002057a 4500
005 - DATE AND TIME OF LATEST TRANSACTION
control field 20181008144023.0
010 ## - LCCN (DPL NO)
LC control number ENG-124046
020 ## - INTERNATIONAL STANDARD BOOK NUMBER
International Standard Book Number 9789353161569
Terms of availability 599.00
035 ## - SYSTEM CONTROL NUMBER
System control number EN-107578
037 ## - SOURCE OF ACQUISITION
Source of stock number/acquisition DBAD/PUB.
082 ## - DEWEY DECIMAL CLASSIFICATION NUMBER
Classification number 005.133076
100 ## - MAIN ENTRY--PERSONAL NAME
Personal name Sierra, Kathy
245 ## - TITLE STATEMENT
Title OCA java SE 8 programmer I exam guide (exam. IZ0-808) /
Remainder of title by Kathy Sierra [and] Bert Bates
260 ## - PUBLICATION, DISTRIBUTION, ETC. (IMPRINT)
Name of publisher, distributor, etc Tata McGraw Hill
Date of publication, distribution, etc 2018
Place of publication, distribution, etc New Delhi
270 ## - ADDRESS
Address P-24, Green Park Extnsion
City New Delhi
Postal code 110016
300 ## - PHYSICAL DESCRIPTION
Extent xxxvii,437
Dimensions 24cm(pbk)
Other physical details ill.
500 ## - GENERAL NOTE
General note It includes index
700 ## - ADDED ENTRY--PERSONAL NAME
Personal name Bates, Bert
942 ## - ADDED ENTRY ELEMENTS (KOHA)
Source of classification or shelving scheme Dewey Decimal Classification
Item type English Books
Call number suffix SIE
Classification part 005.133076
Holdings
Withdrawn status Lost status Not for loan Collection code Home library Current library Date acquired Source of acquisition Cost, normal purchase price Full call number Barcode Copy number Cost, replacement price Koha item type
    Not For Loan Non-fiction D.B.Act.Division Sarojini Nagar 25/09/2018 DBAD/PUB 599.00 005.133076 SIE EN-107578 1 599.00 English Books

© Delhi Public Library
Hit Counter
free hit counter